[Event "Hessen-ch"]
[Site "Frankfurt/Main"]
[Date "2019.05.29"]
[Round "2"]
[White "Weber, Samuel"]
[Black "Neukirchner, Pascal"]
[Result "0-1"]
[WhiteElo "2160"]
[BlackElo "2288"]
[PlyCount "132"]
[EventDate "2019.05.29"]
[EventType "swiss"]
[EventRounds "9"]
[EventCountry "GER"]

{[%evp 0,132,29,16,75,41,41,15,58,60,49,54,58,-3,30,35,36,23,9,-5,-8,-22,31,0,
31,-94,-44,-44,-13,-13,8,-62,-75,-85,-89,-74,-10,-70,-43,-108,-94,-94,-94,-170,
-124,-194,3,4,2,8,18,21,45,-8,50,-8,-11,-20,-20,6,-33,-114,-77,-77,-81,-147,
-80,-93,-82,-134,-119,-152,-112,-161,-125,-125,-139,-86,-181,-177,-137,-159,
-86,-136,-99,-108,-58,-75,-60,-70,-67,-67,-42,-58,-10,-84,-55,-65,-54,-76,-57,
-67,-57,-67,-86,-86,-85,-85,-82,-85,-82,-85,-70,-85,-70,-163,-51,-89,-143,-477,
-498,-498,-514,-514,-514,-519,-507,-478,-418,-434,-434,-488,-476,-476,-396]} 1.
e4 c5 2. Nf3 Nc6 3. b3 g6 4. Bb2 Nf6 5. e5 Nd5 6. c4 Nc7 7. Nc3 Bg7 8. Nd5 O-O
9. Be2 Ne6 10. Qc2 Ned4 11. Bxd4 Nxd4 12. Qe4 d6 13. Nxd4 cxd4 14. exd6 exd6
15. d3 Re8 16. Qf3 h5 17. h3 Be5 18. g3 Be6 19. Qg2 Bg7 20. Kf1 Qa5 21. Bf3
Bxd5 22. Bxd5 Qc3 23. Rd1 Re7 24. Qf3 Qc2 25. Kg2 Rae8 26. h4 Kh7 27. Kh3 f5
28. Bxb7 Re2 29. Rhf1 R8e3 30. Qg2 Rxd3 31. Rxd3 Qxd3 32. Qd5 Re5 33. Qg2 Qc2
34. Bf3 Qxa2 35. Bd1 Qa6 36. Rg1 Qb6 37. Qf3 d3 38. Qxd3 Qxf2 39. Rg2 Qe1 40.
Kh2 Qb4 41. Bf3 Qc5 42. Re2 Bf6 43. Kg2 a5 44. Rd2 Be7 45. Re2 Qc7 46. Bd5 Bf8
47. Bf3 Qe7 48. Kf2 Bh6 49. Kg2 Bg7 50. Rd2 Bf8 51. Re2 Bh6 52. Kf1 Be3 53. Kg2
Bc5 54. Qd2 Bb4 55. Qd3 Qg7 56. Bd5 Qh6 57. Bf3 Bc5 58. Ra2 Qc1 59. Rxa5 Qg1+
60. Kh3 Bf2 61. Bg2 Rxa5 62. Qxd6 Ra7 63. b4 Qa1 64. b5 Qd4 65. Bd5 Qg4+ 66.
Kh2 f4 0-1

[Event "Hessen-ch"]
[Site "Frankfurt/Main"]
[Date "2019.05.29"]
[Round "2"]
[White "Zude, Arno"]
[Black "Uwira, Oliver"]
[Result "1-0"]
[WhiteElo "2384"]
[BlackElo "2184"]
[PlyCount "59"]
[EventDate "2019.05.29"]
[EventType "swiss"]
[EventRounds "9"]
[EventCountry "GER"]

{[%evp 0,59,18,18,86,51,56,56,38,41,41,21,28,28,61,-35,-4,23,35,-22,-7,-7,-2,
-6,-6,-1,12,-14,37,47,47,42,52,16,44,9,32,1,29,35,81,16,17,-2,66,77,109,93,144,
162,277,128,128,128,131,131,154,131,125,147,333,333]} 1. e4 c5 2. Nf3 Nc6 3. d4
cxd4 4. Nxd4 Nf6 5. Nc3 e5 6. Ndb5 d6 7. Bg5 a6 8. Na3 b5 9. Nd5 Be7 10. Bxf6
Bxf6 11. c3 O-O 12. Nc2 Rb8 13. h4 Ne7 14. Nxf6+ gxf6 15. Bd3 d5 16. exd5 Qxd5
17. Ne3 Qe6 18. Qh5 f5 19. Bc2 a5 20. g4 Qg6 21. Qg5 Qxg5 22. hxg5 fxg4 23.
O-O-O Ng6 24. Nd5 Kg7 25. Nf6 Rh8 26. Nh5+ Kf8 27. Bxg6 Bb7 28. Bc2 Bxh1 29.
Rxh1 Rg8 30. Nf6 1-0

[Event "Hessen-ch"]
[Site "Frankfurt/Main"]
[Date "2019.05.30"]
[Round "3"]
[White "Arndt, Stefan"]
[Black "Dubiel, Jacek"]
[Result "0-1"]
[WhiteElo "2225"]
[BlackElo "2428"]
[PlyCount "106"]
[EventDate "2019.05.29"]
[EventType "swiss"]
[EventRounds "9"]
[EventCountry "GER"]

{[%evp 0,106,29,24,71,75,75,41,41,13,-1,-15,10,-16,40,6,87,46,75,77,66,58,69,
34,64,48,54,29,28,28,28,34,10,-8,-8,-40,-45,-55,-53,-50,-32,-42,-50,-52,-69,
-80,-46,-52,1,-56,-47,-78,-48,-50,-50,-171,-171,-171,21,-207,-208,-211,-211,
-224,-231,-238,-214,-273,-281,-281,-214,-226,-229,-235,-230,-221,-236,-245,
-240,-249,-252,-252,-251,-256,-256,-284,-278,-278,-278,-307,-249,-292,-298,
-315,-321,-303,-266,-264,-239,-256,-231,-284,-254,-310,-331,-359,-361,-447,
-445]} 1. e4 c5 2. Nc3 e6 3. Nge2 Nc6 4. g3 d5 5. exd5 exd5 6. d4 cxd4 7. Nxd4
Bb4 8. Bg2 Nge7 9. O-O O-O 10. Be3 Ne5 11. Nde2 Be6 12. Nf4 Bg4 13. f3 Nc4 14.
Ncxd5 Nxd5 15. Nxd5 Be6 16. Nxb4 Nxe3 17. Qxd8 Rfxd8 18. Rf2 Nd1 19. Re2 Nxb2
20. f4 Rab8 21. c4 Nxc4 22. Rc1 Nd6 23. Rd2 Kf8 24. a4 a5 25. Nd5 b5 26. axb5
Nxb5 27. Ra1 Nc3 28. Rxa5 Rd7 29. Rc5 Nxd5 30. Bxd5 Rbd8 31. Bxe6 Rxd2 32. Bg4
h6 33. Bf3 Rb8 34. Rc1 Rdb2 35. Be4 R8b4 36. Bd3 R4b3 37. Rd1 Ke7 38. Re1+ Kf6
39. Rd1 Rb4 40. Rc1 g6 41. Rc6+ Kg7 42. Bf1 Rd4 43. Rc3 Rdd2 44. h3 Rdc2 45.
Rf3 Kf6 46. Rd3 Rc1 47. Rf3 Kf5 48. Rf2 Rxf2 49. Kxf2 Rc2+ 50. Kf3 Rc3+ 51. Kf2
h5 52. Be2 h4 53. Bg4+ Ke4 0-1

[Event "Hessen-ch"]
[Site "Frankfurt/Main"]
[Date "2019.05.30"]
[Round "3"]
[White "Carow, Johannes"]
[Black "Jakel, Wolfgang"]
[Result "1/2-1/2"]
[WhiteElo "2445"]
[BlackElo "2246"]
[PlyCount "99"]
[EventDate "2019.05.29"]
[EventType "swiss"]
[EventRounds "9"]
[EventCountry "GER"]

{[%evp 0,99,29,29,57,42,45,68,102,32,70,21,77,28,58,52,50,28,47,27,78,40,78,48,
71,71,30,36,18,12,13,-36,12,35,35,28,55,13,55,67,63,75,116,117,137,82,89,30,30,
60,72,-18,55,25,33,29,35,10,12,10,23,21,22,1,1,-11,14,-12,-12,-27,-18,0,4,4,15,
4,22,-1,-1,4,19,-7,20,7,13,15,60,20,17,21,33,33,38,0,0,16,20,20,20,20,14,20]} 
1. d4 f5 2. g3 Nf6 3. Bg2 g6 4. c3 Bg7 5. Qb3 c6 6. Nd2 e6 7. h4 O-O 8. Nh3 Na6
9. Nf4 Nc7 10. h5 g5 11. h6 gxf4 12. hxg7 Rf7 13. gxf4 Rxg7 14. Bf3 Ncd5 15.
Nf1 d6 16. c4 Ne7 17. Bd2 Qc7 18. Qa3 Ng6 19. Bb4 Ne8 20. e3 d5 21. Nd2 a5 22.
cxd5 cxd5 23. Bc3 b6 24. Rc1 Nd6 25. Be2 Bb7 26. Nf3 Ne4 27. Bd2 Qd8 28. Bd3
Rc8 29. Rxc8 Qxc8 30. Ng5 Rc7 31. Nxe4 dxe4 32. Be2 Bd5 33. Bc3 Qd7 34. Kd2 Qc6
35. Rc1 Nh4 36. Rg1+ Ng6 37. Rc1 Qd7 38. b4 Qe7 39. Qb2 a4 40. b5 Qd7 41. Bb4
Rxc1 42. Kxc1 Nh4 43. Ba3 Nf3 44. Qb4 Qd8 45. Kb2 h5 46. Qe7 Qxe7 47. Bxe7 Kf7
48. Bd8 Ke8 49. Bf6 Kf7 50. Bd8 1/2-1/2

[Event "Hessen-ch"]
[Site "Frankfurt/Main"]
[Date "2019.05.30"]
[Round "3"]
[White "Henrich, Thomas"]
[Black "Zude, Arno"]
[Result "0-1"]
[WhiteElo "2142"]
[BlackElo "2384"]
[PlyCount "126"]
[EventDate "2019.05.29"]
[EventType "swiss"]
[EventRounds "9"]
[EventCountry "GER"]

1. d4 d5 2. c4 e6 3. Nc3 Nf6 4. Bg5 Be7 5. e3 Nbd7 6. Nf3 h6 7. Bh4 O-O 8. Bd3
dxc4 9. Bxc4 a6 10. O-O b5 11. Bb3 Bb7 12. Qe2 c5 13. dxc5 Nxc5 14. Bc2 b4 15.
Na4 Nce4 16. Nd4 Qa5 17. f3 Nd6 18. Qd3 Rfd8 19. a3 Nf5 20. Be1 Nxd4 21. exd4
Bc6 22. Qd1 Nd5 23. axb4 Nxb4 24. Bc3 Qb5 25. Be4 Bd5 26. Qd2 Rab8 27. Qf2 Bc4
28. Rfd1 Bb3 29. Bxb4 Qxb4 30. Bc2 Bxc2 31. Qxc2 Bf6 32. Kh1 Rxd4 33. Rxd4 Bxd4
34. g3 a5 35. Rd1 e5 36. Kg2 Qb3 37. Qxb3 Rxb3 38. Rd2 f6 39. h4 h5 40. Rc2 Rb4
41. Nc3 Kh7 42. Kf1 f5 43. Nd1 Rb3 44. Ke2 e4 45. fxe4 fxe4 46. Rc4 Bxb2 47.
Rc5 g6 48. Rxa5 Bf6 49. Nf2 Bd4 50. Nh3 Rxg3 51. Ng5+ Kh6 52. Ra4 Rg2+ 53. Kf1
Rg1+ 54. Ke2 Rg2+ 55. Kf1 Rg1+ 56. Ke2 Bf6 57. Nxe4 Bxh4 58. Kf3 Rf1+ 59. Ke3
Rc1 60. Ra6 Bg5+ 61. Kf3 Rb1 62. Nd6 Rf1+ 63. Kg2 Rf6 0-1

[Event "Hessen-ch"]
[Site "Frankfurt/Main"]
[Date "2019.05.30"]
[Round "3"]
[White "Lesny, Florian"]
[Black "Meyner, Hannes"]
[Result "0-1"]
[WhiteElo "2126"]
[BlackElo "2228"]
[PlyCount "96"]
[EventDate "2019.05.29"]
[EventType "swiss"]
[EventRounds "9"]
[EventCountry "GER"]

{[%evp 0,81,30,24,77,63,63,17,45,41,29,49,74,22,76,65,99,66,60,41,41,25,20,16,
45,33,33,17,23,2,47,-4,-17,-23,-10,-33,-11,-40,-24,-37,-13,-45,-45,-49,-49,-37,
-26,-26,2,-59,-17,-10,12,-29,-29,-35,-7,-12,34,34,-17,-35,-30,-19,-21,-11,0,0,
0,0,0,-3,-3,23,59,0,-6,-51,-19,-122,-104,-150,-150,-361]} 1. e4 c6 2. d4 d5 3.
Nc3 dxe4 4. Nxe4 Bf5 5. Ng3 Bg6 6. h4 h6 7. Nf3 e6 8. h5 Bh7 9. Bd3 Bxd3 10.
Qxd3 Nf6 11. Bd2 Be7 12. O-O-O O-O 13. Ne4 Nxe4 14. Qxe4 Qd5 15. Qxd5 cxd5 16.
Ne5 Rc8 17. g4 Nc6 18. Nxc6 Rxc6 19. Be3 Rac8 20. Rd2 b5 21. f4 a5 22. g5 a4
23. gxh6 gxh6 24. f5 Bg5 25. Bxg5 hxg5 26. Re1 Kg7 27. Re5 f6 28. Rxe6 Rxe6 29.
fxe6 Kf8 30. Re2 Ke7 31. Kd2 b4 32. a3 bxa3 33. bxa3 Rh8 34. c4 dxc4 35. Kc3 g4
36. Kxc4 f5 37. Kd5 f4 38. Ke4 f3 39. Re1 f2 40. Rf1 Rf8 41. h6 g3 42. h7 g2
43. Rxf2 Rxf2 44. h8=Q g1=Q 45. Qh7+ Kxe6 46. Qh3+ Kf6 47. Qh4+ Kf7 48. Qh7+
Qg7 0-1

[Event "Hessen-ch"]
[Site "Frankfurt/Main"]
[Date "2019.05.30"]
[Round "3"]
[White "Neukirchner, Pascal"]
[Black "Bethke, Richard"]
[Result "1-0"]
[WhiteElo "2288"]
[BlackElo "2246"]
[PlyCount "59"]
[EventDate "2019.05.29"]
[EventType "swiss"]
[EventRounds "9"]
[EventCountry "GER"]

{[%evp 0,59,31,35,35,-12,-5,-9,13,22,39,33,66,1,15,8,40,17,17,-16,-19,-38,-40,
-46,-27,-21,12,1,21,11,16,16,48,47,44,19,30,-1,9,9,9,9,9,39,191,39,39,18,18,
-153,72,137,137,137,169,156,155,142,212,307,307,371]} 1. Nf3 Nf6 2. g3 d5 3.
Bg2 e6 4. O-O b5 5. d3 Bb7 6. Nbd2 Be7 7. e4 c5 8. Re1 Nc6 9. e5 Nd7 10. Nf1
Qc7 11. Qe2 h5 12. h4 g6 13. c3 Qb6 14. Bf4 a5 15. N1d2 c4 16. d4 b4 17. Ng5 a4
18. Bxd5 Nxd4 19. cxd4 Bxd5 20. Nxc4 Qxd4 21. Ne3 Bb7 22. Red1 Qb6 23. Rac1 Nc5
24. Rd6 Bxd6 25. Nc4 Ba6 26. Nxb6 Bxe2 27. exd6 Ra5 28. Ne4 e5 29. Nxc5 exf4
30. Nb7 1-0

[Event "Hessen-ch"]
[Site "Frankfurt/Main"]
[Date "2019.05.30"]
[Round "3"]
[White "Rubsamen, Cornelius"]
[Black "Alber, Horst"]
[Result "0-1"]
[WhiteElo "2208"]
[BlackElo "2271"]
[PlyCount "58"]
[EventDate "2019.05.29"]
[EventType "swiss"]
[EventRounds "9"]
[EventCountry "GER"]

{[%evp 0,58,30,24,55,68,102,102,102,64,77,71,107,64,90,72,89,98,98,43,39,43,47,
26,93,103,103,81,130,110,124,101,107,107,107,107,117,76,112,94,99,58,71,54,54,
68,68,-355,-355,-355,-368,-402,-386,-695,-666,-666,-666,-695,-733,-733,-733]} 
1. e4 g6 2. d4 Bg7 3. Nc3 d6 4. f4 c6 5. Nf3 b5 6. Be3 Nd7 7. Bd3 Nb6 8. O-O
Nf6 9. Qe2 b4 10. Nd1 a5 11. a3 Rb8 12. axb4 axb4 13. Nf2 Ng4 14. Nxg4 Bxg4 15.
h3 Bd7 16. c4 bxc3 17. bxc3 Qc7 18. f5 O-O 19. fxg6 fxg6 20. Ng5 h6 21. Qa2+ d5
22. Nf3 Ra8 23. Qb3 Rxa1 24. Rxa1 Rxf3 25. exd5 cxd5 26. gxf3 Qg3+ 27. Kf1
Qxf3+ 28. Bf2 Bxh3+ 29. Ke1 Qxd3 0-1

[Event "Hessen-ch"]
[Site "Frankfurt/Main"]
[Date "2019.05.30"]
[Round "3"]
[White "Schmidt, Walter"]
[Black "Weber, Samuel"]
[Result "1/2-1/2"]
[WhiteElo "2225"]
[BlackElo "2160"]
[PlyCount "35"]
[EventDate "2019.05.29"]
[EventType "swiss"]
[EventRounds "9"]
[EventCountry "GER"]

{[%evp 0,35,31,-20,-24,-24,1,-52,7,-16,44,-25,-5,-8,41,36,81,77,64,41,67,21,50,
12,14,3,12,16,25,20,20,18,40,44,43,30,55,73]} 1. c4 Nf6 2. Nf3 e6 3. g3 a6 4.
Bg2 b5 5. b3 Bb7 6. O-O c5 7. Bb2 Qb6 8. d3 Be7 9. Nbd2 d6 10. e3 Nc6 11. Qe2
O-O 12. Rfd1 d5 13. cxd5 Nxd5 14. d4 cxd4 15. Nxd4 Nxd4 16. Bxd4 Bc5 17. Bb2
Rfd8 18. Ne4 1/2-1/2

[Event "Hessen-ch"]
[Site "Frankfurt/Main"]
[Date "2019.05.30"]
[Round "3"]
[White "Uwira, Oliver"]
[Black "Dorst, Johannes"]
[Result "1/2-1/2"]
[WhiteElo "2184"]
[BlackElo "2262"]
[PlyCount "129"]
[EventDate "2019.05.29"]
[EventType "swiss"]
[EventRounds "9"]
[EventCountry "GER"]

{[%evp 0,129,29,25,25,-25,15,8,37,37,60,39,84,88,88,73,102,42,58,47,41,21,21,4,
41,20,71,1,36,55,89,62,72,63,62,51,76,61,60,52,59,59,50,47,54,40,43,68,87,38,
95,61,92,20,-2,-2,43,14,59,22,62,42,131,96,138,43,63,63,83,42,42,21,36,33,69,
-25,118,-45,62,62,62,50,-4,-11,-11,16,16,57,57,70,70,60,54,15,45,45,45,28,0,0,
23,-14,-6,-6,3,34,34,54,96,49,56,-35,42,-72,21,12,23,-54,37,32,32,26,30,25,26,
25,24,24,56,28,29,26]} 1. d4 Nf6 2. c4 c5 3. d5 b5 4. cxb5 a6 5. bxa6 g6 6. Nc3
Bxa6 7. Nf3 Bg7 8. g3 d6 9. Bg2 O-O 10. O-O Nbd7 11. Qc2 Qa5 12. Rd1 Bb7 13.
Nd2 Nb6 14. e4 Qa7 15. Rb1 Ba6 16. b3 Ng4 17. Nf3 Nd7 18. h3 Nge5 19. Nxe5 Nxe5
20. Be3 Qc7 21. f4 Nd7 22. Kh2 Qa5 23. Rdc1 Qa3 24. e5 f5 25. Na4 Rab8 26. exd6
exd6 27. Re1 Rfe8 28. Bc1 Qb4 29. Bd2 Qb7 30. Re6 Qc7 31. Rbe1 Rxe6 32. Rxe6
Nf8 33. Re1 c4 34. bxc4 Qxc4 35. Qxc4 Bxc4 36. a3 Rb5 37. Bb4 Bxd5 38. Rd1 Bxg2
39. Kxg2 d5 40. Nc3 Rxb4 41. axb4 Bxc3 42. b5 d4 43. b6 Nd7 44. b7 Kf7 45. Rb1
Nb8 46. Rb5 Ke6 47. Rc5 Bb4 48. Rc4 Bd6 49. Rxd4 Kd7 50. Rd1 Kc7 51. Rb1 Bc5
52. g4 fxg4 53. hxg4 Bb6 54. Kf3 Kxb7 55. Ke4 Kc7 56. Ke5 Nc6+ 57. Kd5 Be3 58.
Rb3 Bxf4 59. Rc3 h5 60. Rxc6+ Kb7 61. Rc4 Bg5 62. Kd6 hxg4 63. Rb4+ Ka8 64.
Rxg4 Be3 65. Rxg6 1/2-1/2

[Event "Hessen-ch"]
[Site "Frankfurt/Main"]
[Date "2019.05.30"]
[Round "3"]
[White "Zude, Erik"]
[Black "Keller, Peter"]
[Result "1/2-1/2"]
[WhiteElo "2402"]
[BlackElo "2237"]
[PlyCount "108"]
[EventDate "2019.05.29"]
[EventType "swiss"]
[EventRounds "9"]
[EventCountry "GER"]

{[%evp 0,108,29,27,109,60,61,14,21,5,12,21,53,77,57,47,44,32,47,26,34,15,24,0,
0,0,0,-45,-40,-41,2,-26,30,14,38,20,25,25,25,-25,-25,-26,51,12,270,242,212,194,
234,116,116,106,89,72,72,72,79,71,102,83,90,88,77,64,88,34,76,49,51,52,64,49,
64,45,85,50,63,-13,-2,-19,0,0,-25,-43,-43,-47,-46,-67,-46,-42,-45,-40,-46,-40,
-36,-57,-54,-66,48,47,70,62,58,44,47,22,22,23,23,23,23]} 1. Nf3 f5 2. d3 Nc6 3.
d4 e6 4. g3 Nf6 5. Bg2 g6 6. O-O Bg7 7. c4 O-O 8. d5 Ne7 9. Nc3 d6 10. dxe6
Bxe6 11. Nd4 Bxc4 12. Bxb7 Rb8 13. Bg2 c5 14. Nb3 Qd7 15. Bg5 Rfd8 16. Qd2 Kh8
17. Rfe1 Bxb3 18. axb3 Rxb3 19. e4 fxe4 20. Nxe4 Neg8 21. Qf4 Rb4 22. Bxf6 Nxf6
23. Nxf6 Rxf4 24. Nxd7 Rf7 25. Bh3 Bd4 26. Re2 Rdxd7 27. Bxd7 Rxd7 28. Rae1 Bf6
29. b3 Kg7 30. Ra2 Rb7 31. Re8 Kf7 32. Re3 Bd4 33. Rf3+ Ke6 34. Kg2 Kd5 35. Ra6
Be5 36. Rd3+ Ke4 37. Re3+ Kd5 38. Kf3 Bd4 39. Rd3 Rf7+ 40. Kg4 Rxf2 41. Rxa7
Rxh2 42. Rf3 Be5 43. Ra4 Rh1 44. Kg5 Rh5+ 45. Kg4 Rh1 46. Kg5 Rg1 47. Kg4 h5+
48. Kh4 Rh1+ 49. Kg5 Rh3 50. Kxg6 Bxg3 51. Kf5 h4 52. Ra6 Kd4 53. Ra4+ Kd5 54.
Ra6 Kd4 1/2-1/2

[Event "Hessen-ch"]
[Site "Frankfurt/Main"]
[Date "2019.05.30"]
[Round "4"]
[White "Alber, Horst"]
[Black "Carow, Johannes"]
[Result "1/2-1/2"]
[WhiteElo "2271"]
[BlackElo "2445"]
[PlyCount "46"]
[EventDate "2019.05.29"]
[EventType "swiss"]
[EventRounds "9"]
[EventCountry "GER"]

{[%evp 0,46,29,29,29,1,29,30,52,32,41,3,18,-13,9,-24,7,0,-2,-27,-27,-64,-64,
-64,-64,-83,-74,-89,-2,-2,-2,-2,10,9,18,-29,-7,12,29,0,16,17,27,3,23,27,12,27,
27]} 1. d4 d5 2. c4 dxc4 3. Nf3 Nf6 4. Nc3 a6 5. a4 Nc6 6. e4 Bg4 7. d5 Ne5 8.
Be2 Bxf3 9. gxf3 e6 10. f4 Nd3+ 11. Bxd3 cxd3 12. dxe6 fxe6 13. Qb3 Qd7 14.
Qxb7 Rd8 15. Bd2 Be7 16. Qxa6 O-O 17. Qc4 Rb8 18. Nd1 c5 19. Rg1 Qc6 20. f3 Nh5
21. Rg4 Nf6 22. Rg1 Nh5 23. Rg4 Nf6 1/2-1/2

[Event "Hessen-ch"]
[Site "Frankfurt/Main"]
[Date "2019.05.30"]
[Round "4"]
[White "Dorst, Johannes"]
[Black "Lesny, Florian"]
[Result "1-0"]
[WhiteElo "2262"]
[BlackElo "2126"]
[PlyCount "83"]
[EventDate "2019.05.29"]
[EventType "swiss"]
[EventRounds "9"]
[EventCountry "GER"]

{[%evp 0,83,29,19,72,53,111,57,75,38,68,4,32,44,39,16,16,4,27,27,31,29,37,16,
51,42,63,42,54,72,43,50,48,46,50,50,43,37,53,27,26,-7,45,50,40,24,11,11,27,-42,
40,30,55,24,20,28,73,3,43,43,33,33,70,34,104,14,116,123,165,128,197,191,191,
207,213,212,243,235,329,325,306,383,528,649,634,649]} 1. e4 c5 2. Nf3 d6 3.
Bb5+ Bd7 4. Bxd7+ Qxd7 5. c4 Nc6 6. Nc3 g6 7. d4 cxd4 8. Nxd4 Bg7 9. Be3 Nf6
10. f3 O-O 11. O-O e6 12. Rc1 Rfd8 13. Re1 d5 14. Nxc6 bxc6 15. e5 Ne8 16. Bg5
f6 17. exf6 Nxf6 18. Na4 Qd6 19. b3 Re8 20. Qc2 e5 21. cxd5 cxd5 22. Qc7 Qxc7
23. Rxc7 e4 24. Kf2 exf3 25. gxf3 h6 26. Bd2 Rxe1 27. Kxe1 d4 28. Kd1 Nd5 29.
Rd7 Nc3+ 30. Nxc3 dxc3 31. Be3 Rc8 32. Kc2 Rf8 33. Bxa7 Rxf3 34. a4 g5 35. Bd4
Bxd4 36. Rxd4 Kg7 37. a5 h5 38. a6 Kg6 39. a7 Rf8 40. Ra4 Ra8 41. b4 g4 42. b5
1-0

[Event "Hessen-ch"]
[Site "Frankfurt/Main"]
[Date "2019.05.30"]
[Round "4"]
[White "Dubiel, Jacek"]
[Black "Neukirchner, Pascal"]
[Result "1/2-1/2"]
[WhiteElo "2428"]
[BlackElo "2288"]
[PlyCount "25"]
[EventDate "2019.05.29"]
[EventType "swiss"]
[EventRounds "9"]
[EventCountry "GER"]

{[%evp 0,25,26,34,100,79,45,44,123,91,91,106,106,103,94,55,56,67,61,7,12,12,33,
-15,-20,-43,-43,-43]} 1. e4 c5 2. Nf3 Nc6 3. Nc3 g6 4. d4 cxd4 5. Nxd4 Bg7 6.
Be3 Nf6 7. f4 d6 8. Be2 O-O 9. Nb3 e5 10. O-O exf4 11. Bxf4 Re8 12. Bf3 Qb6+
13. Kh1 1/2-1/2

[Event "Hessen-ch"]
[Site "Frankfurt/Main"]
[Date "2019.05.30"]
[Round "4"]
[White "Jakel, Wolfgang"]
[Black "Arndt, Stefan"]
[Result "1/2-1/2"]
[WhiteElo "2246"]
[BlackElo "2225"]
[PlyCount "83"]
[EventDate "2019.05.29"]
[EventType "swiss"]
[EventRounds "9"]
[EventCountry "GER"]

{[%evp 0,79,34,-23,52,39,39,10,71,25,25,16,16,-48,-50,-50,-47,-33,12,-7,40,14,
68,-59,-14,-19,-8,-4,25,16,17,-10,-17,-53,-44,-44,-13,-31,-8,-46,-27,-18,40,
-41,-41,-33,-33,51,64,-25,-23,-47,28,-4,-4,-4,-4,-12,69,49,121,104,217,192,58,
43,43,-37,-37,-62,-62,-62,-64,-111,-64,-64,-62,-63,-48,-82,-64,-76]} 1. c4 f5
2. Nc3 Nf6 3. g3 d6 4. Bg2 e5 5. d3 Be7 6. e4 Nc6 7. Nge2 O-O 8. O-O Qe8 9. Nd5
Nxd5 10. cxd5 Nd8 11. exf5 Bxf5 12. Nc3 Qg6 13. Be4 h5 14. Be3 Nf7 15. Rc1 Ng5
16. Bxg5 Bxg5 17. Rc2 h4 18. Bxf5 Qxf5 19. Qe2 hxg3 20. hxg3 Rf6 21. Ne4 Rh6
22. Nxg5 Qxg5 23. Rxc7 Rf8 24. Rc4 Qf5 25. Qe4 Qh3 26. Qg2 Qf5 27. Rc7 Qxd3 28.
Rxb7 e4 29. Re7 Rf3 30. Re1 Rg6 31. R1xe4 Rgxg3 32. fxg3 Rxg3 33. Re2 Qd4+ 34.
Kf1 Rxg2 35. Kxg2 Qxd5+ 36. Kf2 Qh5 37. Kg1 Kf8 38. R7e3 d5 39. Kf2 Qh4+ 40.
Kg2 Qg4+ 41. Kh2 Qh5+ 42. Kg3 1/2-1/2

[Event "Hessen-ch"]
[Site "Frankfurt/Main"]
[Date "2019.05.30"]
[Round "4"]
[White "Keller, Peter"]
[Black "Henrich, Thomas"]
[Result "1-0"]
[WhiteElo "2237"]
[BlackElo "2142"]
[PlyCount "61"]
[EventDate "2019.05.29"]
[EventType "swiss"]
[EventRounds "9"]
[EventCountry "GER"]

{[%evp 0,61,29,28,39,26,38,20,26,19,24,16,29,18,29,29,80,65,11,11,11,46,50,55,
64,37,82,67,84,141,142,125,223,216,216,215,199,199,234,233,197,182,164,134,227,
231,231,145,258,211,257,224,236,193,306,310,584,427,410,407,738,738,763,453]} 
1. e4 e6 2. d4 d5 3. Nc3 Bb4 4. e5 Ne7 5. a3 Bxc3+ 6. bxc3 c5 7. Qg4 Qc7 8.
Qxg7 Rg8 9. Qxh7 cxd4 10. Ne2 Nbc6 11. f4 dxc3 12. h4 Bd7 13. h5 O-O-O 14. Qd3
d4 15. h6 Rg6 16. h7 Rh8 17. Nxd4 Nxd4 18. Qxd4 Kb8 19. Be3 b6 20. Bf2 Nf5 21.
Qb4 Rg4 22. Rh3 Qb7 23. Rxc3 Bc6 24. O-O-O Bxg2 25. Bd3 a5 26. Qb5 Ne7 27. Bxb6
Nc8 28. Rb3 Nxb6 29. Qc5 Qc7 30. Rxb6+ Bb7 31. Qxa5 1-0

[Event "Hessen-ch"]
[Site "Frankfurt/Main"]
[Date "2019.05.30"]
[Round "4"]
[White "Meyner, Hannes"]
[Black "Rubsamen, Cornelius"]
[Result "0-1"]
[WhiteElo "2228"]
[BlackElo "2208"]
[PlyCount "82"]
[EventDate "2019.05.29"]
[EventType "swiss"]
[EventRounds "9"]
[EventCountry "GER"]

{[%evp 0,82,29,29,29,10,38,37,86,95,97,51,66,22,19,-28,15,33,43,47,49,62,62,44,
72,40,38,56,56,3,58,42,77,37,57,44,86,86,89,95,92,60,74,75,74,82,140,102,133,
90,90,81,70,77,99,75,108,81,93,82,148,161,170,170,192,171,182,173,175,172,193,
177,262,257,257,161,197,147,147,79,42,4,0,-29989,-29990]} 1. d4 Nf6 2. Bf4 d6
3. Nc3 g6 4. e4 Bg7 5. Qd2 Nc6 6. O-O-O O-O 7. f3 Nd7 8. Bh6 e5 9. d5 Nd4 10.
Nge2 Nxe2+ 11. Bxe2 f5 12. h4 f4 13. Bxg7 Kxg7 14. g3 h6 15. Rdg1 Rf7 16. Bf1
Qf6 17. Ne2 Nf8 18. gxf4 exf4 19. Nd4 Bd7 20. Bh3 Bxh3 21. Rxh3 Re8 22. Rh2 Re5
23. Rhg2 Kh7 24. Rg4 h5 25. Rg5 Rxg5 26. Rxg5 Kh8 27. c3 Nh7 28. Rg1 Nf8 29.
Qh2 c5 30. dxc6 bxc6 31. Nxc6 Ne6 32. Nb4 Nc7 33. Rg5 Kh7 34. Qf2 Ne6 35. Rd5
Nc5 36. e5 Qe6 37. Qd2 a5 38. Nc2 Rf5 39. Rxd6 Qxa2 40. Nd4 Rxe5 41. Qc2 Qa1+
0-1

[Event "Hessen-ch"]
[Site "Frankfurt/Main"]
[Date "2019.05.30"]
[Round "4"]
[White "Uwira, Oliver"]
[Black "Schmidt, Walter"]
[Result "0-1"]
[WhiteElo "2184"]
[BlackElo "2225"]
[PlyCount "86"]
[EventDate "2019.05.29"]
[EventType "swiss"]
[EventRounds "9"]
[EventCountry "GER"]

1. d4 d5 2. c4 c6 3. Nf3 Nf6 4. Nc3 e6 5. Bg5 Be7 6. e3 Nbd7 7. Qc2 O-O 8. Rd1
Re8 9. a3 dxc4 10. Bxc4 Nd5 11. Bxe7 Qxe7 12. Ne4 N5f6 13. Ng3 b6 14. O-O Bb7
15. e4 c5 16. Qe2 Red8 17. Rfe1 cxd4 18. Nxd4 Rac8 19. e5 Nd5 20. Ba2 Nf8 21.
Nh5 Qg5 22. g3 Ng6 23. Bxd5 Rxd5 24. f4 Qd8 25. Nb5 Ba6 26. Rxd5 Qxd5 27. Nc3
Rxc3 28. Qxa6 Rc2 29. Re2 Rc1+ 30. Kf2 Qd4+ 31. Kg2 Qd5+ 32. Kf2 Qh1 33. Ke3
Qg1+ 34. Ke4 Qh1+ 35. Ke3 Ne7 36. Qa4 Nd5+ 37. Kd2 Rc8 38. Qd1 Qf3 39. Re1 Qf2+
40. Re2 Qd4+ 41. Ke1 Qg1+ 42. Kd2 Qc5 43. Ke1 Nc3 0-1